Cá biển Việt Nam (Anguillomorpha, Cyprinomorpha, Atherinomorpha)
Zapisane w:
| 1. autor: | |
|---|---|
| Format: | Książka |
| Język: | Undetermined |
| Wydane: |
Hà Nội
Khoa học và Kỹ thuật
1993
|
| Hasła przedmiotowe: | |
| Etykiety: |
Dodaj etykietę
Nie ma etykietki, Dołącz pierwszą etykiete!
|
| Thư viện lưu trữ: | Trung tâm Học liệu Trường Đại học Cần Thơ |
|---|
| LEADER | 00677nam a2200193Ia 4500 | ||
|---|---|---|---|
| 001 | CTU_161472 | ||
| 008 | 210402s9999 xx 000 0 und d | ||
| 082 | |a 597.0921 | ||
| 082 | |b H561/T.2/Q.2 | ||
| 100 | |a Nguyễn, Khắc Hường | ||
| 245 | 0 | |a Cá biển Việt Nam (Anguillomorpha, Cyprinomorpha, Atherinomorpha) | |
| 245 | 0 | |c Nguyễn Khắc Hường | |
| 260 | |a Hà Nội | ||
| 260 | |b Khoa học và Kỹ thuật | ||
| 260 | |c 1993 | ||
| 650 | |a Nuôi trồng thủy sản,Cá biển,Marine fishes,Aquaculture | ||
| 650 | |z Việt Nam,Vietnam | ||
| 904 | |i Trọng Hải | ||
| 980 | |a Trung tâm Học liệu Trường Đại học Cần Thơ | ||